000 00449nam a2200157 a 4500
005 20140310182404.0
008 000615s19uu xx 00 eng d
050 _aDS 675.8
_b.Z21 1983
100 _aZaide, Gregorio F.
245 _aRizal his travels /
_cGregorio F. Zaide.
260 _aSta. Cruz, Manila :
_bSaint Mary's Publishing,
_c1983.
300 _a230 p. :
_c22 cm.
650 _aRizal, y Alonzo, Jose
942 _cBK
_2lcc
999 _c12669
_d12669